LEADER 01067cam0 2200301 450 001 E600200013354 005 20201119094918.0 010 $a8806363433 100 $a20051017d1973 |||||ita|0103 ba 101 $aita 102 $aIT 200 1 $aHomo Ludens$eJohan Huizinga$gtrad. Corinna van Schendel$gcon un saggio introduttivo di Umberto Eco 210 $aTorino$cEinaudi$d1973 215 $aXXXII,252 p.$d18 cm 225 2 $aNuova Universale Einuadi$v146 410 1$1001LAEC00021538$12001 $a*Nuova Universale Einuadi$v146 700 1$aHuizinga$b, Johan$3A600200028029$4070$0292479 702 1$aSchendel, Corinna van$3A600200032855$4070 702 1$aEco, Umberto$3A600200037079$4070 801 0$aIT$bUNISOB$c20201119$gRICA 850 $aUNISOB 852 $aUNISOB$j000|Coll|37|K$m61983 912 $aE600200013354 940 $aM 102 Monografia moderna SBN 941 $aM 957 $a000|Coll|37|K$b000048$gSi$d61983$racquisto$1pregresso3$2UNISOB$3UNISOB$420051017083910.0$520120925102754.0$6bethb 996 $aHomo ludens$996817 997 $aUNISOB LEADER 02374nam 2200625 a 450 001 9910780869903321 005 20230721024653.0 010 $a1-282-43742-9 010 $a9786612437427 010 $a0-300-15554-9 024 7 $a10.12987/9780300155549 035 $a(CKB)2520000000006640 035 $a(EBL)3420631 035 $a(SSID)ssj0000436662 035 $a(PQKBManifestationID)11261004 035 $a(PQKBTitleCode)TC0000436662 035 $a(PQKBWorkID)10428407 035 $a(PQKB)10215380 035 $a(MiAaPQ)EBC3420631 035 $a(DE-B1597)485043 035 $a(OCoLC)666900504 035 $a(DE-B1597)9780300155549 035 $a(Au-PeEL)EBL3420631 035 $a(CaPaEBR)ebr10351592 035 $a(CaONFJC)MIL243742 035 $a(OCoLC)923595286 035 $a(EXLCZ)992520000000006640 100 $a20080902d2009 uy 0 101 0 $aeng 135 $aur|n|---||||| 181 $ctxt 182 $cc 183 $acr 200 10$aFor the common good$b[electronic resource] $eprinciples of American academic freedom /$fMatthew W. Finkin and Robert C. Post 210 $aNew Haven [Conn.] $cYale University Press$dc2009 215 $a1 online resource (272 p.) 300 $aDescription based upon print version of record. 311 $a0-300-14354-0 320 $aIncludes bibliographical references (p. 191-241) and index. 327 $aThe historical origins of the concept of academic freedom -- The 1915 Declaration and the American concept of academic freedom -- Freedom of research and publication -- Freedom of teaching -- Freedom of intramural expression -- Freedom of extramural expression. 330 $aThis book offers a concise explanation of the history and meaning of American academic freedom, and it attempts to intervene in contemporary debates by clarifying the fundamental functions and purposes of academic freedom in America.--From publisher description. 606 $aAcademic freedom$zUnited States 615 0$aAcademic freedom 676 $a344.73/078 686 $a89.06$2bcl 686 $a86.52$2bcl 700 $aFinkin$b Matthew W$0547938 701 $aPost$b Robert$f1947-$0906429 801 0$bMiAaPQ 801 1$bMiAaPQ 801 2$bMiAaPQ 906 $aBOOK 912 $a9910780869903321 996 $aFor the common good$93751374 997 $aUNINA LEADER 02872nam 2200469Ia 450 001 9910698434203321 005 20200520144314.0 010 $a1-282-03635-1 010 $a1-60327-329-8 010 $a9786612036354 035 $a(CKB)1000000000716746 035 $a(VLeBooks)9781603273299 035 $a(MiAaPQ)EBC428811 035 $a(EXLCZ)991000000000716746 100 $a20080512d2009 uy 0 101 0 $aeng 135 $aurcnu|||||||| 181 $ctxt$2rdacontent 182 $cc$2rdamedia 183 $acr$2rdacarrier 200 00$aPost-traumatic stress disorder $ebasic science and clinical practice /$fedited by Priyattam J. Shiromani, Terence M. Keane, Joseph E. LeDoux 210 $aTotowa, N.J. $cHumana$dc2009 215 $a1 online resource (406 p.) 311 $a1-60327-328-X 311 $a1-62703-804-3 320 $aIncludes bibliographical references and index. 330 $a Post-traumatic stress disorder is a psychiatric illness that can occur in anyone who has experienced a life-threatening or violent event. The trauma can be due to war, terrorism, torture, natural disasters, violence, or rape. In PTSD the brain areas that are likely to be affected are the hippocampus (memory), amygdala (fear association), the prefrontal cortex (cognitive processing), and the ascending reticular activating system (arousal). The chemical of interest is norepinephrine, which is released during a stressful event and is part of the fight-or-flight response meant to mobilize the body to action.The objective of this title is to outline the neurobiology of post-traumatic stress disorder and provide treatment strategies for clinicians. The chapter material from this book has evolved from a seminar on PTSD held recently under the auspices of the VA Boston Healthcare System, Boston University Medical Center and Harvard Medical School.  We propose a book that will focus on the epidemiology, neurobiology, MRI studies, animal models, arousal and sleep issues, clinical trials, and treatment strategies for clinicians. Treatment will cover such topics as guidelines for treating posttraumatic stress disorder, PTSD and the use of mental health services, cognitive intervention therapy, and large scale clinical trials in PTSD. This collection will be a vital source of information to clinicians and neuroscientists. 606 $aPost-traumatic stress disorder 606 $aStress (Psychology) 615 0$aPost-traumatic stress disorder. 615 0$aStress (Psychology) 676 $a616.8521 701 $aKeane$b Terence Martin$01500282 701 $aLeDoux$b Joseph E$0296306 701 $aShiromani$b Priyattam J$01763262 801 0$bMiAaPQ 801 1$bMiAaPQ 801 2$bMiAaPQ 906 $aBOOK 912 $a9910698434203321 996 $aPost-traumatic stress disorder$94203622 997 $aUNINA